Probability and statistics for engineers and scientists (Record no. 63996)

000 -LEADER
fixed length control field 00463nam a22001697a 4500
003 - CONTROL NUMBER IDENTIFIER
control field NUST - PNEC
005 - DATE AND TIME OF LATEST TRANSACTION
control field 20170116180830.0
008 - FIXED-LENGTH DATA ELEMENTS--GENERAL INFORMATION
fixed length control field 150730b xxu||||| |||| 00| 0 eng d
020 ## - INTERNATIONAL STANDARD BOOK NUMBER
International Standard Book Number 9789332519084
040 ## - CATALOGING SOURCE
Transcribing agency LIBRARY
082 ## - DEWEY DECIMAL CLASSIFICATION NUMBER
Classification number 519.2 WAL
100 ## - MAIN ENTRY--PERSONAL NAME
9 (RLIN) 4570
Personal name Walpole, Ronald E.
245 ## - TITLE STATEMENT
Title Probability and statistics for engineers and scientists
Statement of responsibility, etc. Ronald E. Walpole
250 ## - EDITION STATEMENT
Edition statement 9th ed
650 ## - SUBJECT ADDED ENTRY--TOPICAL TERM
9 (RLIN) 4571
Topical term or geographic name entry element Engineering
General subdivision EE / MIS
942 ## - ADDED ENTRY ELEMENTS (KOHA)
Source of classification or shelving scheme
Koha item type Book
Holdings
Withdrawn status Lost status Source of classification or shelving scheme Damaged status Not for loan Permanent Location Current Location Shelving location Date acquired Total Checkouts Full call number Barcode Date last seen Price effective from Koha item type Date last checked out Source of acquisition Cost, normal purchase price Cost, replacement price
          Pakistan Navy Engineering College (PNEC) Pakistan Navy Engineering College (PNEC)       519.2 WAL PNECLIB-030874 07/30/2015   Book        
          Pakistan Navy Engineering College (PNEC) Pakistan Navy Engineering College (PNEC)     2 519.2 WAL PNECLIB-030876 09/06/2016   Book 08/22/2016      
          Pakistan Navy Engineering College (PNEC) Pakistan Navy Engineering College (PNEC)     1 519.2 WAL PNECLIB-030853 10/06/2016   Book 09/30/2016 Donated 0.00 0.00
© 2023 Central Library, National University of Sciences and Technology. All Rights Reserved.